000 00192 a2200097 4500
020 _a9781624168741
041 _aspa
100 _aMike Yorkey
245 _aJugando con un Proposito
942 _cK
999 _c27643
_d27643